Winners and losers in the family circle (Record no. 9813)
[ view plain ]
| 000 -LEADER | |
|---|---|
| fixed length control field | 01225cab a2200229 4500 |
| 001 - CONTROL NUMBER | |
| control field | ABS39203 |
| 008 - FIXED-LENGTH DATA ELEMENTS--GENERAL INFORMATION | |
| fixed length control field | 090401t1988 xxu||||| |||| 00| 0 eng d |
| 035 ## - SYSTEM CONTROL NUMBER | |
| System control number | (Sirsi) u15029 |
| 041 ## - LANGUAGE CODE | |
| Language code of text/sound track or separate title | eng |
| 100 ## - MAIN ENTRY--PERSONAL NAME | |
| Personal name | Howells, G.G. |
| 245 ## - TITLE STATEMENT | |
| Title | Winners and losers in the family circle |
| 260 ## - PUBLICATION, DISTRIBUTION, ETC. | |
| Date of publication, distribution, etc. | 1988 |
| 350 ## - PRICE (NR) (BK AM CF MU VM SE) [OBSOLETE] | |
| Price | 0 |
| 490 ## - SERIES STATEMENT | |
| Series statement | Law Society`s Gazette |
| Volume/sequential designation | 85(19) 18 May 1988, 13-19(4) |
| 520 ## - SUMMARY, ETC. | |
| Summary, etc. | Discusses the meaning of `family` in the Rent Acts; the matter is important in order to decide if a person can succeed to a statutory tenancy. Refers particularly to Chios Property Investment Company Ltd v Lopez, (see Abstract 38814), where the respondent was held to have been a member of her deceased cohabitee`s family, although they had only been living together for two years and Sefton Holdings v Cairns, (see Abstract 39079), where the landlord`s appeal was successful and the 70-year old respondent lost the right to reside in the house which had been her home since 1941. |
| 650 ## - SUBJECT ADDED ENTRY--TOPICAL TERM | |
| Topical term or geographic name entry element | HOUSING ACT 1985 S113 |
| 650 ## - SUBJECT ADDED ENTRY--TOPICAL TERM | |
| Topical term or geographic name entry element | HOUSING ACT 1985 S87 |
| 650 ## - SUBJECT ADDED ENTRY--TOPICAL TERM | |
| Topical term or geographic name entry element | RENT ACT 1977 S2 1 B |
| 690 ## - LOCAL SUBJECT ADDED ENTRY--TOPICAL TERM (OCLC, RLIN) | |
| Topical term or geographic name as entry element | PROPERTY-RESIDENTIAL PROPERTY-RESIDENTIAL LANDLORD AND TENANT-RESIDENTIAL TENANCIES |
| 942 ## - ADDED ENTRY ELEMENTS (KOHA) | |
| Suppress in OPAC | 0 |
| 948 ## - LOCAL PROCESSING INFORMATION (OCLC); SERIES PART DESIGNATOR (RLIN) | |
| c (OCLC) | 04/03/1997 |
| Withdrawn status | Lost status | Source of classification or shelving scheme | Damaged status | Not for loan | Home library | Current library | Shelving location | Date acquired | Total Checkouts | Full call number | Barcode | Date last seen | Copy number | Price effective from | Koha item type |
|---|---|---|---|---|---|---|---|---|---|---|---|---|---|---|---|
| Dewey Decimal Classification | London | London | Journal article | 14/09/1999 | ABS39203 | 15029-1001 | 06/08/2019 | 1 | 06/08/2019 | Journal article |